[Event "Thüringenliga 2014/2015"]
[Site "?"]
[Date "2015.04.19"]
[Round "9"]
[White "Duzy, Stefan"]
[Black "Wolf, Isaak"]
[Result "1/2-1/2"]
[WhiteElo "1916"]
[BlackElo "1919"]
[PlyCount "101"]
[EventDate "2015.??.??"]
[WhiteTeam "Erfurter Schachklub"]
[BlackTeam "SV Jenapharm Jena"]

1. e4 e5 2. Nf3 Nc6 3. Bc4 Bc5 4. b4 Bxb4 5. c3 Ba5 6. d4 exd4 7. Qb3 Qe7 8.
O-O Bb6 9. Ba3 d6 10. cxd4 Nxd4 11. Nxd4 Bxd4 12. Nc3 Nf6 13. Bxf7+ Qxf7 14.
Qa4+ Bd7 15. Qxd4 O-O 16. f4 Bc6 17. Rae1 Rfe8 18. Re3 Rad8 19. Bb2 a6 20. Rfe1
Rd7 21. Qd2 Rde7 22. e5 dxe5 23. Rxe5 Rxe5 24. fxe5 Ng4 25. Nd1 Qh5 26. Qf4 Rf8
27. Qc4+ Kh8 28. h3 Nh6 29. e6 Qg6 30. Re2 Bb5 31. Qc5 Re8 32. Rf2 Qxe6 33.
Rf8+ Ng8 34. Qxc7 Qg6 35. Rxe8 Bxe8 36. Qxb7 Bc6 37. Bxg7+ Qxg7 38. Qxc6 Qd4+
39. Nf2 Qa1+ 40. Kh2 Qe5+ 41. g3 Qb2 42. Kg2 a5 43. Qc4 Qd2 44. Qd3 Qb2 45. Qb3
Qd2 46. Kf3 Nf6 47. Ne4 Nxe4 48. Kxe4 Qg2+ 49. Kf4 Qf1+ 50. Kg4 Qe2+ 51. Kf4
1/2-1/2

[Event "Thüringenliga 2014/2015"]
[Site "?"]
[Date "2015.04.19"]
[Round "9"]
[White "Zipfel, Frank"]
[Black "Burkhardt, Kai"]
[Result "1/2-1/2"]
[WhiteElo "1978"]
[BlackElo "1854"]
[PlyCount "78"]
[EventDate "2015.??.??"]
[WhiteTeam "SV Jenapharm Jena"]
[BlackTeam "Erfurter Schachklub"]

1. Nf3 c5 2. g3 Nc6 3. Bg2 g6 4. d4 cxd4 5. Nxd4 Bg7 6. Nxc6 bxc6 7. O-O Qb6 8.
Nd2 Ba6 9. Nb3 Nf6 10. Be3 Qc7 11. Qd2 O-O 12. Rfe1 Rad8 13. Bh6 c5 14. Bxg7
Kxg7 15. Rad1 d6 16. Qa5 Qb6 17. e4 Ng4 18. Qc3+ Kg8 19. Rd2 Ne5 20. Bf1 Bxf1
21. Kxf1 Rb8 22. f4 Nc6 23. Kg2 Qb4 24. Qxb4 Rxb4 25. a3 Rb5 26. Rd5 Rfb8 27.
Re2 a5 28. a4 Rb4 29. e5 c4 30. Nxa5 Nxa5 31. Rxa5 Rxb2 32. exd6 exd6 33. Rd5
Ra2 34. a5 Ra8 35. Rxd6 R2xa5 36. Rc6 Ra4 37. Kf3 Ra3+ 38. Kf2 Rc3 39. Rd6 Rc8
1/2-1/2

[Event "Thüringenliga 2014/2015"]
[Site "?"]
[Date "2015.04.19"]
[Round "9"]
[White "Mißbach, Bernd"]
[Black "Fischer, Dieter"]
[Result "1/2-1/2"]
[WhiteElo "1964"]
[BlackElo "1903"]
[PlyCount "29"]
[EventDate "2015.??.??"]
[WhiteTeam "SV Jenapharm Jena"]
[BlackTeam "Erfurter Schachklub"]

1. Nf3 d5 2. g3 Nf6 3. Bg2 Bf5 4. c4 c6 5. cxd5 cxd5 6. d3 Nc6 7. O-O e6 8. Bd2
Be7 9. Qa4 O-O 10. Re1 a6 11. Nh4 b5 12. Qd1 Bg4 13. Bf3 Bxf3 14. Nxf3 Rc8 15.
Na3 1/2-1/2

[Event "Thüringenliga 2014/2015"]
[Site "?"]
[Date "2015.04.19"]
[Round "9"]
[White "Seinsoth, Paul"]
[Black "Kloß, Thomas"]
[Result "0-1"]
[WhiteElo "1220"]
[BlackElo "1905"]
[PlyCount "84"]
[EventDate "2015.??.??"]
[WhiteTeam "Erfurter Schachklub"]
[BlackTeam "SV Jenapharm Jena"]

1. c4 e5 2. Nc3 Nf6 3. g3 Bb4 4. Bg2 O-O 5. Nf3 Nc6 6. O-O Re8 7. d3 Bxc3 8.
bxc3 d6 9. e4 Bg4 10. Rb1 Rb8 11. Bg5 h6 12. Be3 b6 13. Qc2 Qc8 14. Qa4 Ne7 15.
Rb3 Ng6 16. Rfb1 Nd7 17. Nd2 Nc5 18. Bxc5 dxc5 19. Nf3 Rd8 20. Rd1 Bd7 21. Qa3
Bc6 22. Ne1 Rd6 23. Qc1 Ba4 24. Nc2 Bxb3 25. axb3 Qd7 26. Qe3 Rd8 27. Ne1 a5
28. Ra1 Ra8 29. b4 cxb4 30. cxb4 Qc6 31. b5 Qc5 32. Qxc5 bxc5 33. f4 f6 34. Kf2
Rb6 35. f5 Ne7 36. Bf3 c6 37. Be2 a4 38. Bd1 cxb5 39. cxb5 Rxb5 40. Bxa4 Rb2+
41. Kf1 Kf8 42. Ra3 Rb4 0-1

[Event "Thüringenliga 2014/2015"]
[Site "?"]
[Date "2015.04.19"]
[Round "9"]
[White "Töpfer, Albrecht"]
[Black "Holzschuh, Stephan"]
[Result "1/2-1/2"]
[WhiteElo "1984"]
[BlackElo "2220"]
[PlyCount "58"]
[EventDate "2015.??.??"]
[WhiteTeam "Ilmenauer SV"]
[BlackTeam "SV Medizin Erfurt"]

1. c4 Nf6 2. g3 g6 3. Nc3 Bg7 4. Bg2 O-O 5. e4 d6 6. Nge2 c6 7. O-O a6 8. d3
Nbd7 9. h3 Rb8 10. Be3 e5 11. f4 exf4 12. gxf4 Nh5 13. f5 Qe7 14. Qd2 b5 15.
cxb5 axb5 16. fxg6 fxg6 17. Rxf8+ Nxf8 18. Nd4 Bd7 19. Rc1 Ne6 20. Nxe6 Bxe6
21. Ne2 Bd7 22. d4 Rf8 23. Bg5 Qf7 24. Qe3 Re8 25. b3 Qe6 26. Rc2 Qf7 27. a4
bxa4 28. bxa4 Ra8 29. Qa3 Bf8 1/2-1/2

[Event "Thüringenliga 2014/2015"]
[Site "?"]
[Date "2015.04.19"]
[Round "9"]
[White "Nguyen, Huy Dat"]
[Black "Rempel, Patrick"]
[Result "0-1"]
[WhiteElo "1963"]
[BlackElo "2020"]
[PlyCount "70"]
[EventDate "2015.??.??"]
[WhiteTeam "SV Medizin Erfurt"]
[BlackTeam "Ilmenauer SV"]

1. e4 g6 2. Nc3 Bg7 3. f4 d6 4. Nf3 Nf6 5. Bc4 O-O 6. Bb3 c5 7. O-O Nc6 8. d3
a6 9. Qe1 b5 10. Qh4 c4 11. dxc4 b4 12. Nd5 Nxe4 13. Ba4 Nd4 14. Qxe7 Nc5 15.
Qxd8 Rxd8 16. Bb3 a5 17. Nxd4 Bxd4+ 18. Kh1 a4 19. c3 bxc3 20. bxc3 Bxc3 21.
Nxc3 axb3 22. Bb2 bxa2 23. Nd5 Be6 24. Nf6+ Kg7 25. Nd7+ Kh6 26. Nf6 Rdb8 27.
Bc3 Ra3 28. Bd4 Nb3 29. Bb2 Nxa1 30. Bxa1 Rb1 31. Ng8+ Kh5 32. Nf6+ Kh4 33. Kg1
Bxc4 34. g3+ Kh3 35. Ne4 Rxf1# 0-1

[Event "Thüringenliga 2014/2015"]
[Site "?"]
[Date "2015.04.19"]
[Round "9"]
[White "Sukaylo, Aleksey"]
[Black "Kirschbaum, Gunnar"]
[Result "1-0"]
[WhiteElo "2011"]
[BlackElo "2133"]
[PlyCount "55"]
[EventDate "2015.??.??"]
[WhiteTeam "Ilmenauer SV"]
[BlackTeam "SV Medizin Erfurt"]

1. e4 d6 2. d4 g6 3. Nc3 Bg7 4. f4 e6 5. Nf3 Ne7 6. Be3 a6 7. Bd3 b6 8. O-O O-O
9. Qe1 c5 10. Ne2 h6 11. Rd1 Qc7 12. c3 f5 13. e5 dxe5 14. Nxe5 Nbc6 15. Nxc6
Qxc6 16. dxc5 bxc5 17. Qf2 c4 18. Bb1 Re8 19. Rd2 Nd5 20. Bd4 e5 21. fxe5 Bxe5
22. Bxe5 Rxe5 23. Nd4 Qb7 24. Qg3 Qg7 25. Nf3 Re3 26. Rxd5 Bb7 27. Rd6 Kh7 28.
Ng5+ 1-0

[Event "Thüringenliga 2014/2015"]
[Site "?"]
[Date "2015.04.19"]
[Round "9"]
[White "Hausknecht, Matthias"]
[Black "Falk, Kristoffer"]
[Result "1-0"]
[WhiteElo "2118"]
[BlackElo "1826"]
[PlyCount "91"]
[EventDate "2015.??.??"]
[WhiteTeam "SV Medizin Erfurt"]
[BlackTeam "Ilmenauer SV"]

1. e4 c5 2. Nf3 e6 3. Nc3 a6 4. g3 Nc6 5. Bg2 d6 6. O-O Nf6 7. d3 g6 8. d4 Bg7
9. dxc5 dxc5 10. Qxd8+ Nxd8 11. Bf4 Nd7 12. a4 b6 13. Rfd1 Nc6 14. e5 Ra7 15.
Rd6 Ncxe5 16. Nxe5 Nxe5 17. Rxb6 O-O 18. Bf1 Bb7 19. Bxe5 Bxe5 20. Rd1 Bc7 21.
Rb3 Bc6 22. Bg2 Bxg2 23. Kxg2 f5 24. Kf3 Kg7 25. Ke2 Kf6 26. Kd3 Be5 27. Kc4
Bd4 28. f3 g5 29. Rb6 Re8 30. b3 h5 31. Ne2 Be5 32. Rc6 Ree7 33. Rxc5 Rec7 34.
Nd4 Rxc5+ 35. Kxc5 Rc7+ 36. Kb6 Rd7 37. c3 Bc7+ 38. Kc6 Re7 39. Nc2 h4 40. gxh4
Bxh2 41. hxg5+ Kxg5 42. Kb6 Kf4 43. Rd3 e5 44. Kxa6 e4 45. fxe4 Kxe4 46. Re3+
1-0

[Event "Thüringenliga 2014/2015"]
[Site "?"]
[Date "2015.04.19"]
[Round "9"]
[White "Leuner, Klaus"]
[Black "Müller-Ludwig, Kristin"]
[Result "1/2-1/2"]
[WhiteElo "1882"]
[BlackElo "1992"]
[PlyCount "79"]
[EventDate "2015.??.??"]
[WhiteTeam "Ilmenauer SV"]
[BlackTeam "SV Medizin Erfurt"]

1. d4 Nf6 2. c4 g6 3. Nc3 Bg7 4. e4 d6 5. Be2 O-O 6. Bg5 Na6 7. Nf3 Qe8 8. O-O
e5 9. dxe5 dxe5 10. Qc2 c6 11. h3 Nc5 12. Be3 Qe7 13. b4 Ne6 14. a3 Nh5 15.
Rad1 Nhf4 16. c5 Rd8 17. Rxd8+ Qxd8 18. Rd1 Qf6 19. Bf1 Nxh3+ 20. Kh2 Nhg5 21.
Nxg5 Nxg5 22. Qd2 Ne6 23. Bc4 Qe7 24. f3 Bf6 25. Qd6 Qxd6 26. Rxd6 Be7 27. Rd1
Kf8 28. g3 Ke8 29. f4 Bf6 30. Ne2 Bd7 31. f5 Nf8 32. Bh6 Rd8 33. g4 Be7 34. Bg7
Bc8 35. Rxd8+ Bxd8 36. Bxe5 Nd7 37. Bd4 Nf6 38. Bxf6 Bxf6 39. a4 Ke7 40. Kg3
1/2-1/2

[Event "Thüringenliga 2014/2015"]
[Site "?"]
[Date "2015.04.19"]
[Round "9"]
[White "Rauch, Arwid"]
[Black "Fischer, Dennis"]
[Result "0-1"]
[WhiteElo "1079"]
[BlackElo "1865"]
[PlyCount "92"]
[EventDate "2015.??.??"]
[WhiteTeam "Ilmenauer SV"]
[BlackTeam "SV Medizin Erfurt"]

1. e4 g6 2. d4 Bg7 3. f4 d6 4. Nf3 Nf6 5. Nc3 O-O 6. e5 dxe5 7. fxe5 Nd5 8. Bc4
Nb6 9. Bb3 Bg4 10. O-O Nc6 11. Be3 Na5 12. h3 Nxb3 13. axb3 Bxf3 14. Qxf3 c6
15. Rad1 Nd5 16. Nxd5 cxd5 17. c4 e6 18. Qg4 h6 19. Bd2 Qb6 20. Qh4 g5 21. Bxg5
hxg5 22. Qxg5 Qxb3 23. Rd2 Qxc4 24. Rf3 Kh7 25. Rdf2 Qxd4 26. Kh1 Qxe5 27. Qg4
Rac8 28. g3 Rc4 29. Rf4 Qe1+ 30. Kg2 Rxf4 31. Rxf4 f5 32. Qh5+ Kg8 33. h4 Rc8
34. Rf2 Qe4+ 35. Kh2 Qg4 36. Qxg4 fxg4 37. Re2 e5 38. Kg2 e4 39. Kf2 e3+ 40.
Kg2 d4 41. b3 Bh6 42. Ra2 a6 43. Kf1 d3 44. Ra1 e2+ 45. Kf2 Rf8+ 46. Kg2 d2 0-1

[Event "Thüringenliga 2014/2015"]
[Site "?"]
[Date "2015.04.19"]
[Round "9"]
[White "Neidig, Stefan"]
[Black "Siebarth, Raiko"]
[Result "1-0"]
[WhiteElo "2154"]
[BlackElo "2224"]
[PlyCount "81"]
[EventDate "2015.??.??"]
[WhiteTeam "TSG Apolda"]
[BlackTeam "SG Blau-Weiß Stadtilm"]

1. d4 Nf6 2. c4 g6 3. Nc3 Bg7 4. Bg5 d6 5. Nf3 O-O 6. Qc2 c6 7. e3 a6 8. Bd3 b5
9. O-O Nbd7 10. Rfd1 Bb7 11. b4 bxc4 12. Bxc4 a5 13. Rab1 Qc7 14. Be2 axb4 15.
Rxb4 c5 16. dxc5 Nxc5 17. Qb1 Bc6 18. Nd4 Ra5 19. Nxc6 Qxc6 20. Bf3 Qa6 21. Nd5
Nxd5 22. Bxd5 Qa7 23. Qc2 e6 24. Bb3 Nxb3 25. Bf4 Nc5 26. Bxd6 Rd8 27. Rbb1 Bf8
28. Be5 Rxd1+ 29. Qxd1 Qd7 30. Qf3 Nd3 31. Bc3 Rf5 32. Qa8 Qd5 33. Qxd5 Rxd5
34. Kf1 e5 35. Rb8 Kg7 36. a4 Nc5 37. Rb5 f6 38. Bb4 Rd1+ 39. Ke2 Rb1 40. Bxc5
Rxb5 41. Bxf8+ 1-0

[Event "Thüringenliga 2014/2015"]
[Site "?"]
[Date "2015.04.19"]
[Round "9"]
[White "Schneider, Christian"]
[Black "Middelhoff, Cornelius"]
[Result "1/2-1/2"]
[WhiteElo "2198"]
[BlackElo "2068"]
[PlyCount "90"]
[EventDate "2015.??.??"]
[WhiteTeam "SG Blau-Weiß Stadtilm"]
[BlackTeam "TSG Apolda"]

1. c4 e5 2. g3 Nf6 3. Bg2 h6 4. Nc3 Bb4 5. e4 Bxc3 6. bxc3 d6 7. Ne2 O-O 8. O-O
Be6 9. d3 Nbd7 10. h3 Nc5 11. f4 Bd7 12. fxe5 dxe5 13. Ba3 Ba4 14. Qb1 Nxd3 15.
Bxf8 Kxf8 16. Nd4 Nc5 17. Nb3 Bxb3 18. axb3 Qd2 19. Rf3 Ncxe4 20. Rd3 Qf2+ 21.
Kh2 Nd6 22. Ra2 Qb6 23. Qd1 Re8 24. Re2 h5 25. b4 Nxc4 26. Rd8 c6 27. Rxe8+
Nxe8 28. Re4 Ned6 29. Rxe5 h4 30. Rg5 f6 31. Qf3 Nd2 32. Qf4 N2e4 33. Rg4 hxg3+
34. Rxg3 g5 35. Qf3 Nxg3 36. Qxf6+ Nf7 37. Kxg3 Qe3+ 38. Kg4 Ke8 39. Kh5 Qd3
40. Qe6+ Kf8 41. Qf6 Qc2 42. Bf1 Qh7+ 43. Kg4 Qe4+ 44. Kh5 Qh7+ 45. Kg4 Qe4+
1/2-1/2

[Event "Thüringenliga 2014/2015"]
[Site "?"]
[Date "2015.04.19"]
[Round "9"]
[White "Rohmeiß, Roberto"]
[Black "Siebarth, Marco"]
[Result "1/2-1/2"]
[WhiteElo "2015"]
[BlackElo "1960"]
[PlyCount "93"]
[EventDate "2015.??.??"]
[WhiteTeam "TSG Apolda"]
[BlackTeam "SG Blau-Weiß Stadtilm"]

1. d4 Nf6 2. c4 e6 3. Nc3 Bb4 4. e3 b6 5. Nf3 Bb7 6. Be2 O-O 7. O-O d6 8. Qb3
Bxc3 9. Qxc3 Ne4 10. Qc2 Nd7 11. Nd2 f5 12. f3 Nxd2 13. Bxd2 c5 14. Rad1 Qe7
15. Bc3 Qg5 16. Qc1 d5 17. b3 Rac8 18. Bd2 Qe7 19. Qa3 a5 20. Qb2 Rfd8 21. a3
Ba8 22. Rc1 e5 23. dxc5 Nxc5 24. b4 axb4 25. axb4 Nd7 26. cxd5 Bxd5 27. Rxc8
Rxc8 28. Ra1 Rc7 29. Bc3 h6 30. Qd2 Qe6 31. Bb5 Bc6 32. Bf1 Bd5 33. Bb5 Bc6 34.
Be2 Bd5 35. Bb2 Kh7 36. Rc1 Rxc1+ 37. Qxc1 Qc6 38. Qd2 g6 39. Kf2 h5 40. Qd3
Qe6 41. Qa6 Qc6 42. Qa7 Kh6 43. Bd1 b5 44. Qa1 Qd6 45. Qc1 Bc4 46. Bc3 Qd3 47.
Qd2 1/2-1/2

[Event "Thüringenliga 2014/2015"]
[Site "?"]
[Date "2015.04.19"]
[Round "9"]
[White "George, Tom"]
[Black "Maiwald, Harald"]
[Result "1-0"]
[WhiteElo "1884"]
[BlackElo "1961"]
[PlyCount "55"]
[EventDate "2015.??.??"]
[WhiteTeam "SG Blau-Weiß Stadtilm"]
[BlackTeam "TSG Apolda"]

1. e4 g6 2. c4 Bg7 3. Nc3 d6 4. d4 Nc6 5. Be3 e5 6. d5 Nce7 7. c5 Nf6 8. cxd6
cxd6 9. Bb5+ Nd7 10. Rc1 O-O 11. Nf3 f5 12. Ng5 Nf6 13. f3 h6 14. Ne6 Bxe6 15.
dxe6 d5 16. exd5 Nfxd5 17. Nxd5 Nxd5 18. Bc4 Qa5+ 19. Bd2 Qc5 20. e7 Rf7 21.
Qb3 Qxe7 22. Bxd5 Qh4+ 23. g3 Qh3 24. Bxf7+ Kh8 25. Qe6 Rf8 26. Rc8 Qg2 27.
Rxf8+ Bxf8 28. Qf6+ 1-0

[Event "Thüringenliga 2014/2015"]
[Site "?"]
[Date "2015.04.19"]
[Round "9"]
[White "Goemann, Jens"]
[Black "Berner, Stephan"]
[Result "1/2-1/2"]
[WhiteElo "2082"]
[BlackElo "1870"]
[PlyCount "34"]
[EventDate "2015.??.??"]
[WhiteTeam "TSG Apolda"]
[BlackTeam "SG Blau-Weiß Stadtilm"]

1. c4 Nf6 2. g3 e6 3. Bg2 c5 4. Nf3 Nc6 5. O-O g6 6. d4 d6 7. Nc3 a6 8. Bg5 h6
9. Be3 Ng4 10. Bc1 Qe7 11. e3 Bg7 12. b3 O-O 13. Ba3 Rb8 14. Rc1 Nf6 15. Qd2 b6
16. Rfd1 Bb7 17. e4 Rfd8 1/2-1/2

[Event "Thüringenliga 2014/2015"]
[Site "?"]
[Date "2015.04.19"]
[Round "9"]
[White "Schmidt, Daniel"]
[Black "Carnot, Luca"]
[Result "0-1"]
[WhiteElo "1703"]
[BlackElo "1783"]
[PlyCount "98"]
[EventDate "2015.??.??"]
[WhiteTeam "SG Blau-Weiß Stadtilm"]
[BlackTeam "TSG Apolda"]

1. c4 Nf6 2. d4 e5 3. e3 Bb4+ 4. Bd2 Qe7 5. d5 c6 6. Bc3 cxd5 7. cxd5 Na6 8. a3
Bd6 9. b4 Nc7 10. Nf3 O-O 11. Nfd2 Ncxd5 12. Bc4 Nb6 13. Bb3 Bb8 14. O-O d5 15.
h3 Rd8 16. Nf3 Bf5 17. Re1 Ne4 18. Bb2 Ng5 19. Nbd2 e4 20. Nh2 Rd6 21. Ndf1 Rg6
22. Ng3 Bxg3 23. fxg3 Nxh3+ 24. gxh3 Rxg3+ 25. Kh1 Bxh3 26. Rg1 Qg5 27. Rxg3
Qxg3 28. Qg1 Qxg1+ 29. Rxg1 g6 30. Rc1 Rc8 31. Rxc8+ Bxc8 32. Bd4 Be6 33. a4
Nc8 34. Nf1 f5 35. Nd2 a6 36. Kh2 Ne7 37. Kg3 Nc6 38. b5 Nxd4 39. exd4 g5 40.
Nb1 f4+ 41. Kg2 g4 42. Nc3 e3 43. Bd1 h5 44. bxa6 bxa6 45. a5 h4 46. Be2 h3+
47. Kg1 f3 48. Kh2 fxe2 49. Nxe2 Bf5 0-1

[Event "Thüringenliga 2014/2015"]
[Site "?"]
[Date "2015.04.19"]
[Round "9"]
[White "Steiger, Jürgen"]
[Black "Mann, Jonas"]
[Result "1/2-1/2"]
[WhiteElo "1929"]
[BlackElo "1726"]
[PlyCount "62"]
[EventDate "2015.??.??"]
[WhiteTeam "TSG Apolda"]
[BlackTeam "SG Blau-Weiß Stadtilm"]

1. e4 c5 2. Nc3 Nc6 3. g3 g6 4. Bg2 Bg7 5. Nge2 e6 6. O-O Nge7 7. d3 O-O 8. Be3
b6 9. d4 cxd4 10. Nxd4 d6 11. Ndb5 Ba6 12. Re1 Bxb5 13. Nxb5 d5 14. c3 Rc8 15.
Qa4 Qd7 16. Nd4 Qb7 17. Nxc6 Rxc6 18. exd5 exd5 19. Bg5 Re6 20. c4 Bxb2 21.
cxd5 Nxd5 22. Rxe6 fxe6 23. Re1 Qf7 24. f4 Bg7 25. Bxd5 exd5 26. Re7 Qf5 27.
Qxa7 Bd4+ 28. Kg2 Qc2+ 29. Kh3 h5 30. Qd7 Qf5+ 31. Qxf5 Rxf5 1/2-1/2

[Event "Thüringenliga 2014/2015"]
[Site "?"]
[Date "2015.04.19"]
[Round "9"]
[White "Dittrich, Tom"]
[Black "Maiwald, Lars"]
[Result "1-0"]
[WhiteElo "1656"]
[BlackElo "1487"]
[PlyCount "55"]
[EventDate "2015.??.??"]
[WhiteTeam "SG Blau-Weiß Stadtilm"]
[BlackTeam "TSG Apolda"]

1. e4 c6 2. d4 d5 3. Nc3 dxe4 4. Nxe4 Bf5 5. Ng3 Bg6 6. h4 h6 7. Nf3 Nd7 8. h5
Bh7 9. Bd3 Bxd3 10. Qxd3 Ngf6 11. Bf4 e6 12. O-O-O Nd5 13. Bd2 c5 14. c4 N5f6
15. d5 Qb6 16. dxe6 fxe6 17. Qg6+ Ke7 18. Rhe1 Qa6 19. Nf5+ Kd8 20. Nxg7 Qxc4+
21. Kb1 Bxg7 22. Qxg7 Rg8 23. Qxh6 Rxg2 24. Ne5 Qb5 25. Bg5 Kc7 26. Bxf6 Nf8
27. Qd2 Qb6 28. Bd8+ 1-0

[Event "Landesklasse West 2014/2015"]
[Site "?"]
[Date "2015.04.19"]
[Round "9"]
[White "Lehmann, Peter"]
[Black "Essegern, Kurt"]
[Result "1-0"]
[WhiteElo "1934"]
[BlackElo "1977"]
[PlyCount "59"]
[EventDate "2015.??.??"]
[WhiteTeam "ESV Lok Meiningen"]
[BlackTeam "Randspringer Bad Salzungen"]

1. d4 Nf6 2. Nf3 e6 3. e3 b6 4. Bd3 Bb7 5. O-O c5 6. c3 Nc6 7. Nbd2 d5 8. Qe2
Be7 9. dxc5 bxc5 10. e4 g6 11. exd5 exd5 12. Ne5 Nxe5 13. Qxe5 Qd6 14. Bb5+ Kf8
15. Nf3 Kg7 16. Bf4 Qxe5 17. Bxe5 Rhd8 18. Rfe1 Bd6 19. b3 h6 20. Ba4 d4 21.
cxd4 Bxf3 22. Bxd6 cxd4 23. Be7 Bg4 24. Bxd8 Rxd8 25. f3 Bf5 26. Rad1 Bc2 27.
Rd2 d3 28. Bb5 Nd5 29. Bxd3 Nb4 30. Rxc2 1-0

[Event "Landesklasse West 2014/2015"]
[Site "?"]
[Date "2015.04.19"]
[Round "9"]
[White "Hübschmann, Holger"]
[Black "Jörges, Frank"]
[Result "1/2-1/2"]
[WhiteElo "1879"]
[BlackElo "1822"]
[PlyCount "81"]
[EventDate "2015.??.??"]
[WhiteTeam "Randspringer Bad Salzungen"]
[BlackTeam "ESV Lok Meiningen"]

1. Nf3 d5 2. c4 e6 3. b3 Nf6 4. Bb2 Be7 5. e3 O-O 6. Be2 b6 7. O-O Bb7 8. Nc3
c5 9. Rc1 d4 10. Nb5 d3 11. Bxd3 a6 12. Bxh7+ Nxh7 13. Nc3 Nd7 14. d4 Ng5 15.
Nxg5 Bxg5 16. d5 exd5 17. Nxd5 Bxd5 18. cxd5 Bf6 19. Ba3 a5 20. Qe2 Re8 21.
Rfd1 Qc7 22. Rc2 Qd6 23. Bc1 Re7 24. g3 g6 25. Kg2 Bg7 26. Qg4 Nf6 27. Qc4 Re4
28. Qd3 Re5 29. Qb5 Rxd5 30. Rcd2 Rxd2 31. Rxd2 Qe6 32. f3 Kh7 33. Rd3 Re8 34.
Qa4 Nd5 35. Qh4+ Kg8 36. e4 Nb4 37. Rd8 Nxa2 38. Bf4 Nc3 39. Bc7 Nb5 40. Bxb6
Rxd8 41. Qxd8+ 1/2-1/2

[Event "Landesklasse West 2014/2015"]
[Site "?"]
[Date "2015.04.19"]
[Round "9"]
[White "Grube, Jan"]
[Black "Essegern, Uwe"]
[Result "1/2-1/2"]
[WhiteElo "1824"]
[BlackElo "1860"]
[PlyCount "39"]
[EventDate "2015.??.??"]
[WhiteTeam "ESV Lok Meiningen"]
[BlackTeam "Randspringer Bad Salzungen"]

1. c4 e5 2. Nc3 Nc6 3. g3 f5 4. Bg2 Nf6 5. d3 Bc5 6. e3 O-O 7. Nge2 d6 8. O-O
Bb6 9. b3 Qe8 10. d4 Qh5 11. Nd5 f4 12. Nxf6+ Rxf6 13. dxe5 fxg3 14. Nxg3 Qxe5
15. Qd5+ Be6 16. Qxe5 Nxe5 17. Bxb7 Raf8 18. Bd5 Bxd5 19. cxd5 Ng4 20. h3
1/2-1/2

[Event "Landesklasse West 2014/2015"]
[Site "?"]
[Date "2015.04.19"]
[Round "9"]
[White "Schulz, Tilo"]
[Black "Rosenberg, Erik"]
[Result "1-0"]
[WhiteElo "1881"]
[BlackElo "1633"]
[PlyCount "85"]
[EventDate "2015.??.??"]
[WhiteTeam "Randspringer Bad Salzungen"]
[BlackTeam "ESV Lok Meiningen"]

1. e4 c6 2. d4 d5 3. exd5 cxd5 4. c4 Nf6 5. Nc3 e6 6. Nf3 Be7 7. cxd5 Nxd5 8.
Bd3 Nc6 9. O-O O-O 10. Re1 b6 11. Nxd5 Qxd5 12. Be4 Qd7 13. Ne5 Nxe5 14. Bxa8
Ba6 15. Be4 Rd8 16. Qh5 Ng6 17. Be3 Bf6 18. Red1 Qa4 19. Rd2 Bc4 20. Qd1 Qd7
21. Rc1 Ba6 22. Bc6 Qe7 23. Qa4 Bc8 24. g3 e5 25. dxe5 Nxe5 26. Rxd8+ Qxd8 27.
Bg2 Bf5 28. Rd1 Qc8 29. Qxa7 Nd3 30. Qa8 Qxa8 31. Bxa8 b5 32. b3 b4 33. Bg2 g6
34. Kf1 Nb2 35. Rd5 Bb1 36. Bd4 Bxd4 37. Rxd4 Kf8 38. Rxb4 Bxa2 39. Rb7 Nd3 40.
Bd5 Ne5 41. f4 Ng4 42. Ke2 Nh6 43. Kd2 1-0

[Event "Landesklasse West 2014/2015"]
[Site "?"]
[Date "2015.04.19"]
[Round "9"]
[White "Holland-Cunz, Dietrich"]
[Black "Roth, Ralf"]
[Result "1-0"]
[WhiteElo "1803"]
[BlackElo "1793"]
[PlyCount "43"]
[EventDate "2015.??.??"]
[WhiteTeam "ESV Lok Meiningen"]
[BlackTeam "Randspringer Bad Salzungen"]

1. d4 d5 2. c4 Nf6 3. Nf3 e6 4. g3 c6 5. Bg2 Be7 6. O-O O-O 7. Qc2 Nbd7 8. Nbd2
b6 9. Ne5 Bb7 10. e4 Nxe5 11. dxe5 Nxe4 12. Nxe4 dxe4 13. Bxe4 g6 14. Bh6 Re8
15. Rad1 Qc7 16. Bf4 c5 17. Rd6 Bxe4 18. Qxe4 Bxd6 19. exd6 Qd8 20. Rd1 f6 21.
d7 Re7 22. Qxa8 1-0

[Event "Landesklasse West 2014/2015"]
[Site "?"]
[Date "2015.04.19"]
[Round "9"]
[White "Feldmann, Bernd"]
[Black "Lo, Bao Anh"]
[Result "1-0"]
[WhiteElo "1841"]
[BlackElo "1000"]
[PlyCount "103"]
[EventDate "2015.??.??"]
[WhiteTeam "Randspringer Bad Salzungen"]
[BlackTeam "ESV Lok Meiningen"]

1. d4 d5 2. Nf3 Nf6 3. Bg5 Nc6 4. e3 h6 5. Bh4 Bg4 6. c3 e6 7. Bb5 Be7 8. Bxc6+
bxc6 9. Qa4 O-O 10. Ne5 a6 11. Bxf6 gxf6 12. Nxg4 h5 13. h3 hxg4 14. hxg4 Qd7
15. Qc2 f5 16. gxf5 exf5 17. g4 Kg7 18. gxf5 Rh8 19. Rg1+ Kf8 20. Nd2 Bf6 21.
O-O-O Re8 22. Nb3 Qc8 23. Rh1 Rg8 24. Rdg1 Ke7 25. c4 Kd6 26. cxd5 cxd5 27.
Qc5+ Kd7 28. Qxd5+ Ke7 29. Qc5+ Kd8 30. Na5 Qd7 31. Qc6 Qxc6+ 32. Nxc6+ Kd7 33.
Nb4 a5 34. Nd3 Rc8 35. Kd2 Rge8 36. Rh6 Bh8 37. Nc5+ Ke7 38. Kd3 Rb8 39. b3
Red8 40. Rc1 Bg7 41. Rc6 Rbc8 42. Ne4 Rd7 43. f6+ Kf8 44. fxg7+ Kxg7 45. Nc5
Rd6 46. Rxd6 cxd6 47. Ne6+ fxe6 48. Rxc8 Kf7 49. Ra8 Kf6 50. Rxa5 e5 51. Rxe5
dxe5 52. dxe5+ 1-0

[Event "Landesklasse West 2014/2015"]
[Site "?"]
[Date "2015.04.19"]
[Round "9"]
[White "Lehmann, Georg"]
[Black "Kunze, Heinz"]
[Result "0-1"]
[WhiteElo "867"]
[BlackElo "1667"]
[PlyCount "86"]
[EventDate "2015.??.??"]
[WhiteTeam "ESV Lok Meiningen"]
[BlackTeam "Randspringer Bad Salzungen"]

1. d4 d5 2. Nc3 Nf6 3. Nf3 c6 4. Bg5 e6 5. e3 Be7 6. Bd3 Nbd7 7. O-O O-O 8. Ne2
Re8 9. Ng3 c5 10. Bb5 a6 11. Ba4 b5 12. Bb3 c4 13. Bxc4 dxc4 14. Ne5 Bb7 15. c3
Nxe5 16. dxe5 Nd5 17. Bxe7 Qxe7 18. Qg4 f5 19. Qh3 Qg5 20. Nh5 f4 21. exf4 Nxf4
22. Nxf4 Qxf4 23. Rfe1 Bd5 24. Rad1 Rf8 25. f3 Qg5 26. Rd4 Rxf3 27. Rg4 Rxh3
28. Rxg5 Rd3 29. Rf1 Rf8 30. Rxf8+ Kxf8 31. Rh5 Kg8 32. Rh4 Rd1+ 33. Kf2 Rd2+
34. Kf1 Rxg2 35. b4 Rc2 36. Rh3 Bg2+ 37. Ke1 Bxh3 38. a4 bxa4 39. b5 axb5 40.
Kd1 Bf5 41. h3 a3 42. h4 a2 43. h5 a1=Q# 0-1

[Event "Landesklasse West 2014/2015"]
[Site "?"]
[Date "2015.04.19"]
[Round "9"]
[White "Keilholz, Stefan"]
[Black "Grube, Paul"]
[Result "1-0"]
[WhiteElo "1343"]
[BlackElo "850"]
[PlyCount "59"]
[EventDate "2015.??.??"]
[WhiteTeam "Randspringer Bad Salzungen"]
[BlackTeam "ESV Lok Meiningen"]

1. e4 e5 2. Nf3 Nc6 3. d4 exd4 4. Nxd4 Nxd4 5. Qxd4 Be7 6. Qxg7 Bf6 7. Qg3 b6
8. Bd3 Bb7 9. O-O Qe7 10. Re1 O-O-O 11. c3 d5 12. e5 Re8 13. Bf4 Bh4 14. Qe3
Qe6 15. g3 Be7 16. Bf1 Bc5 17. Qe2 Ne7 18. b4 Qc6 19. bxc5 d4 20. f3 bxc5 21.
cxd4 cxd4 22. Bg2 h5 23. h4 Nf5 24. Bh3 Qg6 25. Bxf5+ Qxf5 26. Nd2 Reg8 27. Kh2
Rg6 28. Ne4 Bxe4 29. Qxe4 Qd7 30. Qa8# 1-0

[Event "Landesklasse West 2014/2015"]
[Site "?"]
[Date "2015.04.19"]
[Round "9"]
[White "Krüger, Karsten"]
[Black "Silberschlag, Jörg"]
[Result "0-1"]
[WhiteElo "1254"]
[BlackElo "2101"]
[PlyCount "74"]
[EventDate "2015.??.??"]
[WhiteTeam "Schachverein Stützerbach"]
[BlackTeam "SC Suhl"]

1. e4 c5 2. Bc4 e6 3. Nc3 a6 4. Nf3 b5 5. Be2 Bb7 6. d3 d6 7. O-O Nd7 8. Bg5
Ngf6 9. a3 Be7 10. h3 h6 11. Bd2 Qc7 12. Re1 O-O 13. Qc1 Rfe8 14. Qd1 Bf8 15.
Bf1 Rab8 16. Rb1 Rec8 17. Qc1 Bc6 18. Qd1 a5 19. Ne2 Ne5 20. Nxe5 dxe5 21. Ng3
Rb7 22. Qe2 b4 23. axb4 cxb4 24. Rec1 a4 25. Qd1 Ne8 26. Qg4 Kh7 27. Nh5 g6 28.
Ng3 Nd6 29. Be2 f5 30. exf5 gxf5 31. Qh4 Qf7 32. Nf1 f4 33. f3 Nf5 34. Qe1 Bc5+
35. Kh1 Qd7 36. Kh2 Qd4 37. c3 Qg1# 0-1